Sports Quiz

Random Sports or Basketball Quiz

NBA Team Players Quiz Stats

 Plays Quiz not verified by Sporcle

Support Sporcle.
Go Orange.
Score 0/37 Timer 06:00
0 Plays Today
Assists/Points Player % Correct
21 / 4Steve Nash
98%
18 / 4Steve Nash
98%
16 / 4Steve Nash
98%
18 / 4Jason Kidd
95.5%
17 / 5Jason Kidd
95.5%
17 / 4Jason Kidd
95.5%
15 / 5Jason Kidd
95.5%
15 / 3Jason Kidd
95.5%
15 / 3Jason Kidd
95.5%
15 / 2Jason Kidd
95.5%
17 / 3Rajon Rondo
95%
17 / 4Rajon Rondo
95%
16 / 2Rajon Rondo
95%
15 / 4Rajon Rondo
95%
16 / 4Deron Williams
89%
16 / 5Deron Williams
89%
15 / 4John Stockton
89%
15 / 4John Stockton
89%
15 / 1John Stockton
89%
Assists/Points Player % Correct
15 / 4Jason Williams
88.9%
16 / 2Chris Paul
75.8%
16 / 4Andre Miller
66.6%
20 / 5Andre Miller
66.6%
17 / 5Mark Jackson
49%
15 / 5Mark Jackson
49%
18 / 4Jamaal Tinsley
35.6%
16 / 5Brevin Knight
34.7%
15 / 4Brevin Knight
34.7%
20 / 5Nick Van Exel
27%
16 / 4Nick Van Exel
27%
15 / 5Anthony Carter
24.2%
20 / 5Will Bynum
22.6%
15 / 5Gilbert Arenas
14.1%
18 / 4Steve Blake
4.7%
22 / 5George McCloud
3.4%
15 / 4Jacque Vaughn
3%
15 / 4Jason Hart
2.4%

You're not logged in!

Compare scores with friends on all Sporcle quizzes.
OR
Log In

From the Vault

Game of Thrones Dragons

by FreeWorld85

What do you think the dragons get Daenerys for Mother's Day?
Remove Ads.
Support Sporcle.
Get the best of Sporcle when you Go Orange. This ad-free experience offers more features, more stats, and more fun while also helping to support Sporcle. Thank you for becoming a member.

Show Comments

Extras

Top Quizzes Today


Score Distribution

Your Account Isn't Verified!

In order to create a playlist on Sporcle, you need to verify the email address you used during registration. Go to your Sporcle Settings to finish the process.

Report this User

Report this user for behavior that violates our Community Guidelines.

Details: